World Capitals Quiz - One Hour - Statistics

General Stats
  • This quiz has been taken 224 times
  • The average score is 113 of 196
Answer Stats
Country Capital City % Correct
France Paris
89%
Italy Rome
88%
South Korea Seoul
87%
Japan Tokyo
87%
Austria Vienna
87%
Greece Athens
86%
Russia Moscow
86%
United States Washington D.C.
86%
United Kingdom London
85%
Spain Madrid
85%
China Beijing
84%
Germany Berlin
84%
Australia Canberra
84%
Portugal Lisbon
84%
Belgium Brussels
83%
Denmark Copenhagen
83%
Ireland Dublin
83%
Norway Oslo
83%
Brazil Brasília
82%
Mexico Mexico City
82%
India New Delhi
82%
Sweden Stockholm
82%
Vatican City Vatican City
82%
Netherlands Amsterdam
81%
Finland Helsinki
81%
Ukraine Kyiv
81%
Monaco Monaco
81%
Czech Republic Prague
81%
Egypt Cairo
80%
Poland Warsaw
80%
Hungary Budapest
78%
Canada Ottawa
78%
South Africa Pretoria / Cape Town / Bloemfontein
78%
San Marino San Marino
78%
Thailand Bangkok
77%
Switzerland Bern
76%
Romania Bucharest
76%
Argentina Buenos Aires
76%
Luxembourg Luxembourg
76%
Singapore Singapore
76%
Turkey Ankara
75%
Indonesia Jakarta
75%
Israel Jerusalem
75%
Afghanistan Kabul
75%
North Korea Pyongyang
75%
Bulgaria Sofia
75%
Cuba Havana
74%
Iceland Reykjavík
74%
Albania Tirana
74%
New Zealand Wellington
74%
Belarus Minsk
73%
Jamaica Kingston
72%
Saint Vincent and the Grenadines Kingstown
72%
Peru Lima
72%
Panama Panama City
72%
United Arab Emirates Abu Dhabi
71%
Andorra Andorra la Vella
71%
Kuwait Kuwait City
71%
Iraq Baghdad
70%
Colombia Bogotá
70%
Pakistan Islamabad
70%
Chile Santiago
70%
Algeria Algiers
69%
Azerbaijan Baku
69%
Qatar Doha
69%
Philippines Manila
69%
Estonia Tallinn
69%
Iran Tehran
69%
Syria Damascus
68%
Vietnam Hanoi
68%
Latvia Riga
68%
Croatia Zagreb
68%
Kenya Nairobi
67%
Taiwan Taipei
67%
Bangladesh Dhaka
65%
Saudi Arabia Riyadh
65%
Slovakia Bratislava
63%
Djibouti Djibouti
63%
Guatemala Guatemala City
63%
Bosnia and Herzegovina Sarajevo
63%
Jordan Amman
62%
Venezuela Caracas
62%
Georgia Tbilisi
62%
Mongolia Ulaanbaatar
62%
Lebanon Beirut
61%
Serbia Belgrade
61%
Nepal Kathmandu
61%
Malaysia Kuala Lumpur
61%
Bolivia La Paz / Sucre
61%
Uruguay Montevideo
61%
El Salvador San Salvador
61%
Tunisia Tunis
61%
Lithuania Vilnius
60%
Ecuador Quito
59%
Yemen Sana'a
59%
Morocco Rabat
58%
Malta Valletta
57%
Slovenia Ljubljana
56%
Cyprus Nicosia
56%
Dominican Republic Santo Domingo
55%
Nigeria Abuja
54%
Kazakhstan Astana
54%
Senegal Dakar
54%
Guyana Georgetown
54%
Maldives Malé
54%
Cambodia Phnom Penh
54%
North Macedonia Skopje
54%
Liechtenstein Vaduz
54%
Ghana Accra
53%
Ethiopia Addis Ababa
53%
Sierra Leone Freetown
53%
Oman Muscat
53%
São Tomé and Príncipe São Tomé
53%
Libya Tripoli
53%
Moldova Chișinău
52%
Montenegro Podgorica
52%
Haiti Port-au-Prince
52%
Uzbekistan Tashkent
52%
Armenia Yerevan
52%
Guinea-Bissau Bissau
51%
Trinidad and Tobago Port-of-Spain
51%
Kosovo Pristina
51%
Costa Rica San José
51%
Paraguay Asunción
48%
Zimbabwe Harare
48%
Nicaragua Managua
48%
Bahamas Nassau
48%
Turkmenistan Ashgabat
47%
Bhutan Thimphu
47%
Laos Vientiane
47%
Kyrgyzstan Bishkek
46%
Democratic Republic of the Congo Kinshasa
46%
Somalia Mogadishu
46%
Madagascar Antananarivo
45%
East Timor Dili
45%
Belize Belmopan
44%
Barbados Bridgetown
44%
Fiji Suva
44%
Republic of the Congo Brazzaville
43%
Uganda Kampala
43%
Angola Luanda
43%
Bahrain Manama
43%
Grenada Saint George's
43%
Sudan Khartoum
42%
Antigua and Barbuda Saint John's
42%
Mozambique Maputo
41%
Myanmar Naypyidaw
41%
Namibia Windhoek
41%
Brunei Bandar Seri Begawan
40%
Zambia Lusaka
40%
Papua New Guinea Port Moresby
40%
Sri Lanka Sri Jayawardenepura Kotte
40%
Seychelles Victoria
40%
Samoa Apia
39%
Eritrea Asmara
39%
Rwanda Kigali
39%
Suriname Paramaribo
39%
Mali Bamako
38%
Guinea Conakry
38%
Mauritius Port Louis
38%
Central African Republic Bangui
37%
Gambia Banjul
37%
Tanzania Dodoma
37%
Tajikistan Dushanbe
37%
Botswana Gaborone
37%
South Sudan Juba
37%
Gabon Libreville
37%
Togo Lomé
37%
Benin Porto-Novo / Cotonou
37%
Honduras Tegucigalpa
37%
Saint Lucia Castries
35%
Liberia Monrovia
35%
Comoros Moroni
35%
Dominica Roseau
35%
Malawi Lilongwe
34%
Eswatini Mbabane
34%
Niger Niamey
34%
Saint Kitts and Nevis Basseterre
33%
Burkina Faso Ouagadougou
33%
Cameroon Yaoundé
33%
Chad N'Djamena
32%
Vanuatu Port Vila
32%
Cape Verde Praia
32%
Lesotho Maseru
31%
Kiribati South Tarawa
31%
Tuvalu Funafuti
30%
Burundi Gitega
30%
Marshall Islands Majuro
30%
Equatorial Guinea Malabo
30%
Mauritania Nouakchott
30%
Federated States of Micronesia Palikir
30%
Nauru Yaren
29%
Solomon Islands Honiara
27%
Ivory Coast Yamoussoukro
26%
Tonga Nukuʻalofa
25%
Palau Ngerulmud
23%
No matching quizzes found
Score Distribution
Percent of People with Each Score
Percentile by Number Answered
Your Score History
You have not taken this quiz